muhammad and his constitutional charter (Record no. 62680)
[ view plain ]
| 000 -LEADER | |
|---|---|
| fixed length control field | 00520nam a22001937a 4500 |
| 003 - CONTROL NUMBER IDENTIFIER | |
| control field | NUST - PNEC |
| 005 - DATE AND TIME OF LATEST TRANSACTION | |
| control field | 20170116180754.0 |
| 008 - FIXED-LENGTH DATA ELEMENTS--GENERAL INFORMATION | |
| fixed length control field | 150331b xxu||||| |||| 00| 0 eng d |
| 020 ## - INTERNATIONAL STANDARD BOOK NUMBER | |
| International Standard Book Number | - |
| 040 ## - CATALOGING SOURCE | |
| Transcribing agency | LIBRARY |
| 082 ## - DEWEY DECIMAL CLASSIFICATION NUMBER | |
| Classification number | 340.59 Gul |
| 100 ## - MAIN ENTRY--PERSONAL NAME | |
| 9 (RLIN) | 1962 |
| Personal name | Ahmed, Gulzar |
| 245 ## - TITLE STATEMENT | |
| Title | muhammad and his constitutional charter |
| Statement of responsibility, etc. | Ahmed, Gulzar |
| 250 ## - EDITION STATEMENT | |
| Edition statement | - |
| 260 ## - PUBLICATION, DISTRIBUTION, ETC. | |
| Place of publication, distribution, etc. | Urdu Bazar |
| Name of publisher, distributor, etc. | Taher Sons |
| Date of publication, distribution, etc. | C 1993 |
| 300 ## - PHYSICAL DESCRIPTION | |
| Extent | 271 . : |
| 650 ## - SUBJECT ADDED ENTRY--TOPICAL TERM | |
| 9 (RLIN) | 1963 |
| Topical term or geographic name entry element | muhammad and his constitutional charter |
| General subdivision | Genernal |
| 942 ## - ADDED ENTRY ELEMENTS (KOHA) | |
| Source of classification or shelving scheme | |
| Koha item type | Book |
| Withdrawn status | Lost status | Source of classification or shelving scheme | Damaged status | Not for loan | Permanent Location | Current Location | Shelving location | Date acquired | Source of acquisition | Cost, normal purchase price | Total Checkouts | Full call number | Barcode | Date last seen | Cost, replacement price | Price effective from | Koha item type |
|---|---|---|---|---|---|---|---|---|---|---|---|---|---|---|---|---|---|
| Pakistan Navy Engineering College (PNEC) | Pakistan Navy Engineering College (PNEC) | 03/11/1995 | Tahir Sons | 175.00 | 340.59 Gul | PNECLIB-017840 | 03/31/2015 | 175.00 | 03/11/1995 | Book |
